| 000 | 00644nam a22002177a 4500 | ||
|---|---|---|---|
| 005 | 20170124110011.0 | ||
| 010 | _aB-026402 | ||
| 020 | _c170.00 | ||
| 035 | _aB-026402 | ||
| 037 | _bCen Lib/Ret | ||
| 040 |
_aDPL _bEN |
||
| 082 |
_a346.03 _bBAN |
||
| 100 |
_aBangia, R. K _917734 |
||
| 245 |
_aThe law of torts : _cby R. K. Bangia _bincluding motor vehicles act and consumer protection law / |
||
| 260 |
_aAllahabad _bAllahabad Law Agency _c1969 |
||
| 270 | _bAllahabad | ||
| 300 |
_ax1ii,654p. _c21(Hb) |
||
| 650 |
_aPrivate law _916315 |
||
| 650 |
_aConsumer protection laws _917735 |
||
| 942 |
_2ddc _cEN _h346.03 _mBAN |
||
| 999 |
_c126517 _d126517 |
||